书目信息 |
| 题名: |
新编科技德语教程
|
|
| 作者: | 汤春艳 编著 | |
| 分册: | ||
| 出版信息: | 上海 同济大学出版社 2020.04 |
|
| 页数: | 260页 | |
| 开本: | 26cm | |
| 丛书名: | ||
| 单 册: | ||
| 中图分类: | N43 , G301 | |
| 科图分类: | ||
| 主题词: | 科学技术--德语--高等学校--教材 , 科学研究--理论 | |
| 电子资源: | ||
| ISBN: | 978-7-5608-9133-0 | |
| 000 | 01295nam0 2200301 450 | |
| 001 | 003961050 | |
| 005 | 20201117094114.37 | |
| 010 | @a978-7-5608-9133-0@dCNY68.00 | |
| 039 | @aA310000SHL@bUCS01003961050@c1103732701 | |
| 100 | @a20200617d2020 em y0chiy50 ea | |
| 101 | 0 | @achi@ager |
| 102 | @aCN@b310000 | |
| 105 | @ay z 000yy | |
| 106 | @ar | |
| 200 | 1 | @a新编科技德语教程@9xin bian ke ji de yu jiao cheng@b专著@f汤春艳编著 |
| 210 | @a上海@c同济大学出版社@d2020.04 | |
| 215 | @a260页@d26cm | |
| 312 | @a封面德文题名:Allgemeinwissenschaftliches Deutsch | |
| 330 | @a本书主要以科技德语文章为主,按照最新德福和DSH考试的要求进行编写,全书共八章,包括环保、医疗、交通、汽车、能源等科技主题,紧跟热点话题和科技潮流。同时书中还加入了许多中高级德语词汇和语法讲解练习,帮助学生扩展词汇量,同时巩固德语语法知识。在每一章节的最后还配有与主题相关的翻译和听力练习。 | |
| 333 | @a本书适合德语专业学生、备考德福或DSH考试等已有德语中高级水平的学生自学使用,也可供教师在科技德语或中高级德语阅读课上使用 | |
| 510 | 1 | @aAllgemeinwissenschaftliches Deutsch@zger |
| 606 | 0 | @a科学技术@x德语@x高等学校@j教材 |
| 606 | 0 | @a科学研究@x理论 |
| 690 | @aN43@v5 | |
| 690 | @aG301@v4 | |
| 701 | 0 | @a汤春艳@9chun yan@4编著 |
| 801 | 0 | @aCN@b人天书店@c20200617 |
| 905 | @b1285362-65@dG301@e303@f4 | |
| 新编科技德语教程/汤春艳编著.-上海:同济大学出版社,2020.04 |
| 260页;26cm |
| 使用对象:本书适合德语专业学生、备考德福或DSH考试等已有德语中高级水平的学生自学使用,也可供教师在科技德语或中高级德语阅读课上使用 |
| ISBN 978-7-5608-9133-0:CNY68.00 |
| 本书主要以科技德语文章为主,按照最新德福和DSH考试的要求进行编写,全书共八章,包括环保、医疗、交通、汽车、能源等科技主题,紧跟热点话题和科技潮流。同时书中还加入了许多中高级德语词汇和语法讲解练习,帮助学生扩展词汇量,同时巩固德语语法知识。在每一章节的最后还配有与主题相关的翻译和听力练习。 |
| ● |
| 相关链接 |
|
|
|
|
正题名:新编科技德语教程
索取号:G301/303
 
预约/预借
| 序号 | 登录号 | 条形码 | 馆藏地/架位号 | 状态 | 备注 |
| 1 | 1285362 | 212853624 | 第一样本阅览室/ [索取号:G301/303] | 在馆 | |
| 2 | 1285363 | 212853633 | 第四借阅区/ [索取号:G301/303] | 在馆 | |
| 3 | 1285364 | 212853642 | 第四借阅区/ [索取号:G301/303] | 在馆 | |
| 4 | 1285365 | 212853651 | 第四借阅区/ [索取号:G301/303] | 在馆 |